| 000 | 01025cab a2200241 4500 | ||
|---|---|---|---|
| 001 | E2683 | ||
| 008 | 090401t1996 xxu||||| |||| 00| 0 eng d | ||
| 035 | _a(Sirsi) u40523 | ||
| 041 | _aeng | ||
| 245 | _aAberdeen Solicitors` Property Centre Ltd v Director General of Fair Trading | ||
| 260 | _c1996 | ||
| 350 | _a0 | ||
| 490 |
_aScots Law Times _v1996 SLT 523-528 (6) |
||
| 520 | _aRestrictive Practices Court. Lord Marnoch. 11 January 1996. Contract - restraint of trade - restrictive agreements as to services - solicitors` property centres not accepting properties being marketed jointly by solicitors and estate agents - whether "agreement or arrangement" among users of the centre - whether exempt as "legal services" - Restrictive Trade Practices Act 1976. | ||
| 650 | _aASPC | ||
| 650 | _aOFT | ||
| 650 | _aOFT | ||
| 650 | _aRESTRICTIVE PRACTICES | ||
| 650 | _aRESTRICTIVE TRADE PRACTICES ACT 1976 | ||
| 690 | _aMANAGEMENT-BUSINESS MANAGEMENT-PROFESSIONAL PRACTICE | ||
| 942 | _n0 | ||
| 948 | _c04/03/1997 | ||
| 999 |
_c25964 _d25964 |
||